1755 -Terramoto no Algarve (Registo nº 693)

Detalhes MARC
000 -Etiqueta do registo
Cabeçalho 00719nam0a22002771 4500
005 - Identificador da versão
Campo de controlo 20240813121810.0
010 ## - Número internacional normalizado dos livros (ISBN)
Número (ISBN) 9729977801
021 ## - Número do Depósito Legal
Código do país PT
Número 232523/05
035 ## - Other System Control Numbers
System Control Number 0000723
System Control Number 0000718
System Control Number 0000718
System Control Number 0000706
100 ## - Dados gerais de processamento
Dados gerais de processamento 20060215d a e0pory5003 ba
102 ## - Pais de publicação ou produção
País de publicação Portugal
101 1# - Língua de publicação
Língua do texto, banda sonora, etc. Português
Língua do documento no original Românicas (Outras línguas)
106 ## - Campo de dados codificados: material textual
Dados codificados do material textual r
105 ## - Campo de dados codificados: livros
Dados codificados dos livros y z 001yy
215 ## - Descrição física 
Indicação específica da natureza do documento e extensão da espécie 237 p.
200 1# - Titulo e menção de responsabilidade
Título próprio 1755 -Terramoto no Algarve
Primeira menção de responsabilidade Alexandre Costa
Outras menções de responsabilidade César Andrade
-- Clara Seabra
-- Luís Matias
-- Maria Ana Baptista
-- Sara Nunes
205 ## - Menção da edição
Menção da edição 1ª edição
210 ## - Publicação, Distribuição, etc. 
Lugar da edição, distribuição, etc. Faro
Nome do editor, distribuidor, etc. Centro de Ciência Viva do Algarve
Data da publicação, distribuição, etc. 2005
942 ## - Elementos de entrada adicionados (Koha)
Tipo de item no Koha Livro
Exemplares
Situação do levantamento Origin of item (home branch) (coded) Biblioteca de empréstimo Código de barras Cota Circulation type (not for loan) Tipo de documento Nota do exemplar Damaged status
  Biblioteca Escolar Eng. Nuno Mergulhão Biblioteca Escolar Eng. Nuno Mergulhão BENM1181 9PT COS   Livro Sem mensagem